banner koha

Convergência da produtividade da terra e do trabalhador no setor agropecuário da Região Norte do Brasil (Registro n. 81316)

MARC details
000 -LÍDER
campo de controle de tamanho fixo 00999nam a22003137a 4500
001 - NÚMERO DE CONTROLE
campo de controle BR2015004558
003 - IDENTIFICADOR DO NÚMERO DE CONTROLE
campo de controle BR-BrBNA
005 - DATA E HORÁRIO DA ÚLTIMA TRANSAÇÃO
campo de controle 20230928104715.0
007 - CAMPO FIXO DE DESCRIÇÃO FÍSICA--INFORMAÇÃO GERAL
campo de controle de tamanho fixo ta
008 - CAMPO DE DADOS FIXOS--INFORMAÇÃO GERAL
campo de controle de tamanho fixo 230509b bl.||||| |||| 00| 0 por d
040 ## - FONTE DA CATALOGAÇÃO
Instituição da catalogação original BR-BrBNA
Idioma da catalogação por
Instituição que transcreveu o registro Biblioteca Nacional de Agricultura
041 ## - CÓDIGO DE IDIOMA
Código do idioma do texto/trilha sonora ou título diferente (Por)
072 ## - CÓDIGO DE CATEGORIA DE ASSUNTO
Código de Categoria de Assunto E14; U10
090 ## - NÚMERO DE CHAMADA LOCAL
-- E14 BR2015004558
100 1# - ENTRADA PRINCIPAL--NOME PESSOAL
Nome pessoal Pessoa, F. de M.
100 1# - ENTRADA PRINCIPAL--NOME PESSOAL
Nome pessoal Santos, R.B.N. dos
100 1# - ENTRADA PRINCIPAL--NOME PESSOAL
Nome pessoal Braga, M.J.
100 1# - ENTRADA PRINCIPAL--NOME PESSOAL
Nome pessoal Lopes, M.L.B. (org.)
100 1# - ENTRADA PRINCIPAL--NOME PESSOAL
Nome pessoal Paula, R.B.S.M. de (org.)
110 1# - ENTRADA PRINCIPAL--NOME CORPORATIVO
Nome corporativo ou nome da jurisdição Banco da Amazônia, Belém, PA (Brasil)
245 1# - TÍTULO
Título Convergência da produtividade da terra e do trabalhador no setor agropecuário da Região Norte do Brasil
Restante do título Série Estudos de Impactos do FNO,3
260 3# - PUBLICAÇÃO, DISTRIBUIÇÃO, ETC.
Local de publicação, distribuição, etc. Belém, PA (Brasil):
Data da publicação, distribuição, etc. 2013.
300 ## - DESCRIÇÃO FÍSICA
Extensão 81 p.
500 ## - NOTA GERAL
Nota geral Bibliography p. 77-81; Summary (Por); 16 graphs.; 23 tables
650 ## - ASSUNTO--TERMO TÓPICO
Cabeçalho tópico ou nome geográfico PRODUTIVIDADE
650 ## - ASSUNTO--TERMO TÓPICO
Cabeçalho tópico ou nome geográfico ESTATÍSTICA
909 ## -
-- 202309
-- Lucia
-- 55
-- Lucia Elande
942 ## - ELEMENTOS DE ENTRADA ADICIONADOS (KOHA)
Tipo de material Koha Livros
Exemplares
Situação do descarte Fonte da classificação ou esquema de arquivamento na estante Situação física Não pode ser emprestado Coleção Biblioteca de origem Biblioteca atual Total de empréstimos Número de telefone completo Código de barras Data de último acesso Número do exemplar Tipo de material Koha Situação das perdas Data de aquisição Fonte de aquisição
  Classificação AGRIS       Biblioteca Nacional de Agricultura - Binagri Biblioteca Nacional de Agricultura - Binagri   E14 BR2015004558 E14 BR2015004558 25/09/2023 01 Livros   2023-09-25 Portaria Interministerial nº 164/94

BINAGRI

Telefone: (61)3218-2567/2388/3357/2097 - binagri@agro.gov.br

Ministério da Agricultura e Pecuária , Esplanada dos Ministérios, Bloco D, Anexo B, Brasília/DF, CEP: 70.043-900